MARC

LEADER 00000nas a2200000 a 4500
001 ssj0000778719
003 WaSeSS
005 20200512172242.0
006 m d
007 cr n
008 100421c20109999nz uu p s 0 a0eng c
010 |a  2012237264 
016 7 |a 101688693  |2 DNLM 
022 |a 1179-7266  |l 1179-7266 
035 |a (WaSeSS)ssj0000778719 
040 |a NZ1  |b eng  |c NZ1  |d NTE  |d TJC  |d OCLCQ  |d CUS  |d OCLCF  |d CUS  |d OCLCO  |d EUW  |d OCLCO  |d OCLCQ  |d NLM  |d OCLCO  |d OCLCQ  |d OCLCO  |d CASUM  |d OCLCA  |d OCLCO  |d OCLCA  |d WT2  |d OCLCQ  |d AU@  |d OCLCA  |d OCLCQ  |d OCLCO  |d CNMTR  |d OCLCQ  |d OCLCA  |d WaSeSS 
042 |a pcc 
050 4 |a R853.O87 
060 0 0 |a W1 
082 0 4 |a 616.005  |2 22 
210 1 |a Pragmat. obs. res. 
222 0 |a Pragmatic and observational research 
245 0 0 |a Pragmatic and observational research  |h [electronic resource]. 
246 1 |i Title in HTML header:  |a Journal of pragmatic and observational research 
260 |a [Auckland, N.Z.] :  |b Dove Medical Press,  |c [2010]- 
362 1 |a Began with 2010:1. 
500 |a Archived by the National Library of New Zealand. 
500 |a Hypertext links contained in the archived instances of this title are non-functional.  |5 Nz 
506 |a License restrictions may limit access. 
515 |a Articles added irregularly during the year and collected into annual issues. 
588 0 |a 2010:1; title from journal home page (viewed on May 19, 2011). 
588 1 |a 2016:7 (viewed July 28, 2016). 
650 0 |a Outcome assessment (Medical care)  |v Periodicals. 
650 0 |a Clinical medicine  |v Periodicals. 
650 1 2 |a Outcome Assessment, Health Care. 
650 2 2 |a Clinical Medicine. 
650 7 |a Clinical medicine.  |2 fast  |0 (OCoLC)fst00864361 
650 7 |a Outcome assessment (Medical care)  |2 fast  |0 (OCoLC)fst01049109 
655 0 |a Electronic journals. 
856 4 0 |z Full text available from Research Library: 01/01/2010 to present  |u https://search.proquest.com/publication/3933301